Renewable Energy : (Record no. 17056)
[ view plain ]
| 000 -LEADER | |
|---|---|
| fixed length control field | 01251cam a2200277 a 4500 |
| 001 - CONTROL NUMBER | |
| control field | 13580076 |
| 005 - DATE AND TIME OF LATEST TRANSACTION | |
| control field | 20201128020936.0 |
| 008 - FIXED-LENGTH DATA ELEMENTS--GENERAL INFORMATION | |
| fixed length control field | 040503s2004 enkab b 001 0 eng |
| 020 ## - INTERNATIONAL STANDARD BOOK NUMBER | |
| International Standard Book Number | 0199261784 |
| 020 ## - INTERNATIONAL STANDARD BOOK NUMBER | |
| International Standard Book Number | 9780199261789 |
| 082 04 - DEWEY DECIMAL CLASSIFICATION NUMBER | |
| Classification number | 333.79 |
| Edition number | 22 |
| Item number | REN |
| 245 00 - TITLE STATEMENT | |
| Title | Renewable Energy : |
| Remainder of title | Power for a Sustainable Future/ |
| Statement of responsibility, etc | edited by Godfrey Boyle. |
| 250 ## - EDITION STATEMENT | |
| Edition statement | 2nd ed. |
| 260 ## - PUBLICATION, DISTRIBUTION, ETC. (IMPRINT) | |
| Place of publication, distribution, etc | Oxford ; |
| -- | New York : |
| Name of publisher, distributor, etc | Oxford University Press in association with the Open University, |
| Date of publication, distribution, etc | c2004. |
| 300 ## - PHYSICAL DESCRIPTION | |
| Extent | xi, 452 p. : |
| Other physical details | ill. (some col.), maps (some col.) ; |
| Dimensions | 27 cm. |
| 504 ## - BIBLIOGRAPHY, ETC. NOTE | |
| Bibliography, etc | Includes bibliographical references and index. |
| 650 #0 - SUBJECT ADDED ENTRY--TOPICAL TERM | |
| Topical term or geographic name as entry element | Renewable energy sources. |
| 9 (RLIN) | 31059 |
| 653 ## - INDEX TERM--UNCONTROLLED | |
| Resource For college | |
| Arrived date list | October2012 |
| 700 1# - ADDED ENTRY--PERSONAL NAME | |
| Personal name | Boyle, Godfrey. |
| 9 (RLIN) | 31060 |
| 710 2# - ADDED ENTRY--CORPORATE NAME | |
| Corporate name or jurisdiction name as entry element | Open University. |
| 9 (RLIN) | 2678 |
| 856 42 - ELECTRONIC LOCATION AND ACCESS | |
| Materials specified | Publisher description |
| Uniform Resource Identifier | <a href="http://www.loc.gov/catdir/enhancements/fy0620/2004271593-d.html">http://www.loc.gov/catdir/enhancements/fy0620/2004271593-d.html</a> |
| 856 41 - ELECTRONIC LOCATION AND ACCESS | |
| Materials specified | Table of contents only |
| Uniform Resource Identifier | <a href="http://www.loc.gov/catdir/enhancements/fy0620/2004271593-t.html">http://www.loc.gov/catdir/enhancements/fy0620/2004271593-t.html</a> |
| 856 42 - ELECTRONIC LOCATION AND ACCESS | |
| Materials specified | Contributor biographical information |
| Uniform Resource Identifier | <a href="http://www.loc.gov/catdir/enhancements/fy0725/2004271593-b.html">http://www.loc.gov/catdir/enhancements/fy0725/2004271593-b.html</a> |
| 942 ## - ADDED ENTRY ELEMENTS (KOHA) | |
| Source of classification or shelving scheme | Dewey Decimal Classification |
| Item type | Book - Borrowing |
| Withdrawn status | Item status | Source of classification or shelving scheme | Damaged status | Not for loan | Vendor | Home library | Current library | Shelving location | Date acquired | Source of acquisition | Cost, normal purchase price | Serial Enumeration / chronology | Total Checkouts | Total Renewals | Full call number | Barcode | Checked out | Date last seen | Date last borrowed | Koha item type | Cost, replacement price |
|---|---|---|---|---|---|---|---|---|---|---|---|---|---|---|---|---|---|---|---|---|---|
| Dewey Decimal Classification | Baccah | Central Library | Central Library | First floor | 03/10/2012 | 280.00 | 3 | 4 | 26 | 333.79 REN | 000027550 | 27/12/2018 | 04/06/2014 | 04/06/2014 | Book - Borrowing | ||||||
| Dewey Decimal Classification | Baccah | Central Library | Central Library | First floor | 03/10/2012 | 280.00 | 3 | 10 | 78 | 333.79 REN | 000027551 | 15/07/2025 | 13/01/2021 | Book - Borrowing | |||||||
| Lost and Paid For | Dewey Decimal Classification | Baccah | Central Library | Central Library | First floor | 03/10/2012 | 960.00 | 3 | 5 | 47 | 333.79 REN | 000027552 | 15/01/2017 | 15/01/2017 | Book - Borrowing | 1200.00 |